Francis Schaeffer : (Record no. 20769)

MARC details
000 -LEADER
fixed length control field 01734cam a2200373 a 4500
001 - CONTROL NUMBER
control field 15115484
003 - CONTROL NUMBER IDENTIFIER
control field OSt
005 - DATE AND TIME OF LATEST TRANSACTION
control field 20251128110046.0
008 - FIXED-LENGTH DATA ELEMENTS--GENERAL INFORMATION
fixed length control field 071217s2008 iluaf b 001 0 eng
010 ## - LIBRARY OF CONGRESS CONTROL NUMBER
LC control number 2007051431
020 ## - INTERNATIONAL STANDARD BOOK NUMBER
International Standard Book Number 9781581348576
Qualifying information hardback
035 ## - SYSTEM CONTROL NUMBER
System control number 15115484
040 ## - CATALOGING SOURCE
Original cataloging agency DLC
Transcribing agency DLC
Modifying agency DLC
050 00 - LIBRARY OF CONGRESS CALL NUMBER
Classification number BR1725.S355
Item number D87 2008
082 00 - DEWEY DECIMAL CLASSIFICATION NUMBER
Classification number 267/.13092
-- B
Edition number 22
100 1# - MAIN ENTRY--PERSONAL NAME
Personal name Duriez, Colin.
245 10 - TITLE STATEMENT
Title Francis Schaeffer :
Remainder of title an authentic life /
Statement of responsibility, etc. Colin Duriez.
260 ## - PUBLICATION, DISTRIBUTION, ETC. (IMPRINT)
Place of publication, distribution, etc. Wheaton, Ill. :
Name of publisher, distributor, etc. Crossway Books,
Date of publication, distribution, etc. c2008.
300 ## - PHYSICAL DESCRIPTION
Extent 240 p., [16] p. of plates :
Other physical details ill. ;
Dimensions 24 cm.
336 ## - CONTENT TYPE
Content type term text
Content type code txt
Source rdacontent
337 ## - MEDIA TYPE
Media type term unmediated
Media type code n
Source rdamedia
338 ## - CARRIER TYPE
Carrier type term volume
Carrier type code nc
Source rdacarrier
504 ## - BIBLIOGRAPHY, ETC. NOTE
Bibliography, etc Includes bibliographical references and index.
505 0# - FORMATTED CONTENTS NOTE
Formatted contents note Beginnings (1912-35) -- Pastor and denominationalist (1935-1945) -- New vistas (1945-48) -- Switzerland (1948-50) -- Crisis and catalyst (1951-54) -- The shelter (1955-60) -- The pilgrimage to Labri (1960-1976) -- Last battles : 1977-84 -- Appendix: The undivided Schaeffer retrospective : interview with Francis Schaeffer, September 30, 1980.
600 10 - SUBJECT ADDED ENTRY--PERSONAL NAME
Personal name Schaeffer, Francis A.
Fuller form of name (Francis August)
610 20 - SUBJECT ADDED ENTRY--CORPORATE NAME
Corporate name or jurisdiction name as entry element L'Abri (Organization)
Form subdivision Biography.
650 #0 - SUBJECT ADDED ENTRY--TOPICAL TERM
Topical term or geographic name as entry element Christian biography.
655 #7 - INDEX TERM--GENRE/FORM
Genre/form data or focus term Biographies.
Source of term lcgft
Authority record control number https://id.loc.gov/authorities/genreForms/gf2014026049
856 41 - ELECTRONIC LOCATION AND ACCESS
Materials specified Table of contents only
Uniform Resource Identifier <a href="http://www.loc.gov/catdir/toc/fy0805/2007051431.html">http://www.loc.gov/catdir/toc/fy0805/2007051431.html</a>
906 ## - LOCAL DATA ELEMENT F, LDF (RLIN)
a 7
b cbc
c orignew
d 1
e ecip
f 20
g y-gencatlg
942 ## - ADDED ENTRY ELEMENTS (KOHA)
Source of classification or shelving scheme Library of Congress Classification
Koha item type General Collection
Holdings
Withdrawn status Lost status Source of classification or shelving scheme Not for loan Home library Current library Shelving location Date acquired Source of acquisition Inventory number Total Checkouts Full call number Barcode Date last seen Copy number Price effective from Koha item type
    Library of Congress Classification   Kabarak, Main Campus Kabarak, Main Campus General Stacks 28/11/2025 Donation 2025/3282   BR1725.S355 D87 2008 39470 28/11/2025 C.1 28/11/2025 General Collection
Designed with assistance from East African Informatics Ltd